| 000 | 00609nam a2200229Ia 4500 | ||
|---|---|---|---|
| 001 | 18443 | ||
| 003 | GE_BSU | ||
| 008 | 181216s||||||||xx |||||||||||||| ||und|| | ||
| 020 | _a9780273743897 | ||
| 040 | _cGE_BSU | ||
| 080 | _a331.4 | ||
| 100 | _aHodgson, Susan | ||
| 245 | _aBrilliant answers to tough interview questions | ||
| 250 | _afourht edition | ||
| 260 | _aHarlow | ||
| 260 | _bPearson | ||
| 260 | _c2011 | ||
| 300 | _a282 p. 22cm. | ||
| 653 | _aBrilliant answers to tough interview questions | ||
| 653 | _aშრომა. დასაქმება. სამუშაო. | ||
| 942 | _cBK | ||
| 999 |
_c51457 _d51457 |
||